|
|
|
|
| LEADER |
00000nam0a2200000 4500 |
| 001 |
162236 |
| 005 |
20231031160300.0 |
| 010 |
|
|
|a 5853580288
|
| 020 |
|
|
|a RU
|b 92-15149ж
|
| 035 |
|
|
|a (RuTPU)RU\TPU\book\175947
|
| 090 |
|
|
|a 162236
|
| 100 |
|
|
|a 20090618d1991 k y0rusy5003 ca
|
| 101 |
0 |
|
|a rus
|
| 102 |
|
|
|a RU
|
| 105 |
|
|
|a a z 001zy
|
| 200 |
1 |
|
|a Эффективность технологических методов и технических средств, применяемых при повышении нефтеотдачи пластов
|f Всесоюзный нефтегазовый научно-исследовательский институт (ВНИИ) ; под ред. Р. А. Максутова
|
| 210 |
|
|
|a Москва
|c Изд-во ВНИИ
|d 1991
|
| 215 |
|
|
|a 184 с.
|c ил.
|
| 225 |
1 |
|
|a Сборник научных трудов Всесоюзного нефтегазового научно-исследовательского института (ВНИИ)
|v Вып. 113
|x 0132-9243
|
| 320 |
|
|
|a Библиография в конце статей
|
| 610 |
1 |
|
|a нефтяные пласты
|
| 610 |
1 |
|
|a нефтеотдача
|
| 675 |
|
|
|a 622.276.3
|v 3
|
| 702 |
|
1 |
|a Максутов
|b Р. А.
|g Рафхат Ахметович
|4 340
|
| 712 |
0 |
2 |
|a Всесоюзный нефтегазовый научно-исследовательский институт (ВНИИ)
|c (Москва)
|c (1953-1987)
|2 stltpush
|3 (RuTPU)RU\TPU\col\11487
|
| 801 |
|
0 |
|a RU
|b RuMRKP
|c 19950417
|g psbo
|
| 801 |
|
1 |
|a RU
|b 63413507
|c 20090618
|g PSBO
|
| 801 |
|
2 |
|a RU
|b 63413507
|c 20231011
|g PSBO
|
| 942 |
|
|
|c BK
|